[Event "DSOL 2021"]
[Site "Germany"]
[Date "2021.03.04"]
[Round "5.4"]
[White "Gallasch, Robin"]
[Black "Striebeck, Enno"]
[Result "1-0"]
[WhiteElo "2067"]
[BlackElo "1697"]
[Annotator "TA"]
[PlyCount "99"]
[EventDate "2021.01.18"]
[EventType "team-tourn"]
[EventCountry "GER"]
[SourceTitle "playchess.com"]
[Source "ChessBase"]
[SourceQuality "1"]

1. d4 d5 2. c4 e6 3. Nc3 Nf6 4. Nf3 Be7 5. Bf4 O-O 6. e3 c5 7. dxc5 Bxc5 8. Qc2 Nc6 9. a3 d4 10. O-O-O Re8 11. Nxd4 Bxd4 12. exd4 Nxd4 13. Qd3 Nb3+ 14. Kb1 Qa5 15. Qc2 e5 16. Be3 Nd4 17. Bxd4 exd4 18. Rxd4 Re1+ 19. Ka2 Bf5 20. Qd2 Rae8 21. g3 b5 22. cxb5 Be6+ 23. b3 Bg4 24. Ne4 Qxd2+ 25. Nxd2 Bh3 26. a4 Rd1 27. Ka3 h5 28. a5 g6 29. Bxh3 Rxh1 30. Bg2 Rxh2 31. Bc6 Rb8 32. b6 Rxf2 33. bxa7 Rc8 34. a8=Q Rxa8 35. Bxa8 Rf5 36. b4 Kg7 37. a6 Ne8 38. Bc6 Nc7 39. a7 Rf6 40. b5 Rxc6 41. bxc6 Nb5+ 42. Kb4 Nxa7 43. Kc5 Kf6 44. Kb6 Nc8+ 45. Kb7 Ne7 46. c7 g5 47. Re4 h4 48. gxh4 gxh4 49. Rxe7 h3 50. c8=Q 1-0

[Event "DSOL 2021"]
[Site "Germany"]
[Date "2021.03.04"]
[Round "5.4"]
[White "Braun, Ingram"]
[Black "Stellmacher, Nico"]
[Result "1-0"]
[WhiteElo "2055"]
[BlackElo "1940"]
[Annotator "TA"]
[PlyCount "55"]
[EventDate "2021.01.18"]
[EventType "team-tourn"]
[EventCountry "GER"]
[SourceTitle "playchess.com"]
[Source "ChessBase"]
[SourceQuality "1"]

1. e4 d6 2. d4 Nf6 3. Nc3 g6 4. Nf3 Bg7 5. h3 O-O 6. Be3 c5 7. dxc5 Qa5 8. Qd2 dxc5 9. O-O-O Nxe4 10. Nxe4 Qxa2 11. Qd3 Qxb2+ 12. Kd2 Nc6 13. Qb3 b6 14. Qxb2 Bxb2 15. Bb5 Nd4 16. Bxd4 Bxd4 17. Nxd4 cxd4 18. f4 Bb7 19. Rhe1 a6 20. Bd3 Rfc8 21. g3 b5 22. Rb1 Bd5 23. Rb4 Bc4 24. Bxc4 bxc4 25. Rb7 a5 26. Ra1 a4 27. Ra3 e5 28. fxe5 1-0

[Event "DSOL 2021"]
[Site "Germany"]
[Date "2021.03.01"]
[Round "5.4"]
[White "Winterkamp, Sascha"]
[Black "Schmidt, Dennis"]
[Result "1-0"]
[WhiteElo "2045"]
[BlackElo "1620"]
[Annotator "TA"]
[PlyCount "71"]
[EventDate "2021.01.18"]
[EventType "team-tourn"]
[EventCountry "GER"]
[SourceTitle "playchess.com"]
[Source "ChessBase"]
[SourceQuality "1"]

1. d4 Nf6 2. Nf3 g6 3. c4 Bg7 4. Nc3 O-O 5. e4 d6 6. Be2 c5 7. d5 Nbd7 8. h3 a6 9. O-O Rb8 10. a4 b6 11. Bf4 Ne8 12. Qd2 Ne5 13. Nxe5 dxe5 14. Bh6 Qd6 15. Bxg7 Kxg7 16. Nd1 f5 17. f3 Nf6 18. Nf2 Bd7 19. Qc3 Kg8 20. f4 Nxe4 21. Nxe4 fxe4 22. fxe5 Qc7 23. e6 Bxe6 24. dxe6 Qd6 25. Rad1 Qxe6 26. Bg4 Rxf1+ 27. Rxf1 Qd6 28. Rd1 Qf6 29. Qe3 h5 30. Bd7 Qxb2 31. Qxe4 Qf6 32. Rf1 Qd4+ 33. Qxd4 cxd4 34. Rd1 e5 35. Re1 Rc8 36. Bxc8 1-0

[Event "DSOL 2021"]
[Site "Germany"]
[Date "2021.03.05"]
[Round "5.4"]
[White "Posske, Thore"]
[Black "Becker, Christian Ludwig"]
[Result "1-0"]
[WhiteElo "2030"]
[BlackElo "1433"]
[Annotator "TA"]
[PlyCount "109"]
[EventDate "2021.01.18"]
[EventType "team-tourn"]
[EventCountry "GER"]
[SourceTitle "playchess.com"]
[Source "ChessBase"]
[SourceQuality "1"]
[WhiteTeam "Hamburger SK II"]
[BlackTeam "SF Heidesheim I"]

1. d4 d6 2. c4 e5 3. dxe5 dxe5 4. Qxd8+ Kxd8 5. Nc3 Be6 6. Nf3 f6 7. e3 Nd7 8. Be2 h5 9. O-O h4 10. Rd1 c6 11. Ne4 Kc7 12. Bd2 a5 13. b3 Nc5 14. Nxc5 Bxc5 15. a3 Nh6 16. Bc3 b6 17. Nd2 Nf7 18. Ne4 Be7 19. f4 a4 20. b4 Bf5 21. Bf3 exf4 22. exf4 Bxe4 23. Bxe4 Bd6 24. b5 Bxf4 25. Bxc6 Rad8 26. Bd5 Ne5 27. Bd4 Nd7 28. Rab1 Bd6 29. Rd3 Bc5 30. Bxc5 Nxc5 31. Re3 Rhe8 32. Rbe1 Rxe3 33. Rxe3 Kd6 34. Kf2 Rd7 35. Kf3 Re7 36. Rxe7 Kxe7 37. Kg4 g5 38. Kf5 Nd3 39. Be4 Ne5 40. c5 bxc5 41. b6 Nd7 42. b7 Kd6 43. Bc2 Kc7 44. Bxa4 Nb6 45. Bc6 c4 46. Be4 Nd7 47. Ke6 Nc5+ 48. Kd5 Nxe4 49. Kxe4 c3 50. Kd3 c2 51. Kxc2 Kxb7 52. Kd3 f5 53. Kd4 f4 54. Ke4 Kc6 55. h3 1-0

[Event "DSOL 2021"]
[Site "Germany"]
[Date "2021.03.02"]
[Round "5.4"]
[White "Roeschinger, Udo"]
[Black "Loerke, Reinhard"]
[Result "1-0"]
[WhiteElo "2015"]
[BlackElo "1937"]
[Annotator "TA"]
[PlyCount "55"]
[EventDate "2021.01.18"]
[EventType "team-tourn"]
[EventCountry "GER"]
[SourceTitle "playchess.com"]
[Source "ChessBase"]
[SourceQuality "1"]

1. e4 e5 2. Nf3 Nc6 3. Bb5 Bc5 4. O-O Nf6 5. Nxe5 Nxe5 6. d4 Bb6 7. dxe5 Nxe4 8. Qg4 Nxf2 9. Rxf2 Bxf2+ 10. Kxf2 Qe7 11. Qxg7 Qc5+ 12. Be3 Qxc2+ 13. Nd2 Rf8 14. Bh6 Qc5+ 15. Kg3 c6 16. Qxf8+ Qxf8 17. Bxf8 Kxf8 18. Bc4 b5 19. Bb3 d5 20. exd6 Be6 21. Bxe6 fxe6 22. Ne4 Kg7 23. Rc1 Rc8 24. Kf4 h6 25. Ke5 Kg6 26. d7 Rf8 27. Kxe6 Rf4 28. Rxc6 1-0

[Event "DSOL 2021"]
[Site "Germany"]
[Date "2021.03.03"]
[Round "5.4"]
[White "Poletajew, Sergej"]
[Black "Roche Simon, Manuel Angel"]
[Result "1-0"]
[WhiteElo "1985"]
[BlackElo "2046"]
[Annotator "TA"]
[PlyCount "65"]
[EventDate "2021.01.18"]
[EventType "team-tourn"]
[EventCountry "GER"]
[SourceTitle "playchess.com"]
[Source "ChessBase"]
[SourceQuality "1"]

1. e4 e5 2. Nf3 Nc6 3. Bb5 a6 4. Ba4 Nf6 5. O-O Be7 6. Re1 b5 7. Bb3 d6 8. c3 Na5 9. Bc2 c5 10. d4 Qc7 11. h3 Nc4 12. Nbd2 Nxd2 13. Bxd2 Bb7 14. d5 O-O 15. Nh2 c4 16. Nf1 Rab8 17. Ne3 Bc8 18. Qe2 a5 19. a4 Bd7 20. axb5 Bxb5 21. Ra2 Rb7 22. Rea1 Ra8 23. Nf5 Qd7 24. Rxa5 Rxa5 25. Rxa5 Rb8 26. Be3 Qc7 27. Ra7 Rb7 28. Nxe7+ Qxe7 29. Ra8+ Ne8 30. Ba4 Bxa4 31. Rxa4 Qc7 32. Bc1 Rb5 33. Rxc4 1-0

[Event "DSOL 2021"]
[Site "Germany"]
[Date "2021.03.04"]
[Round "5.4"]
[White "Kuerschner, Matthias"]
[Black "Rose, Daniel"]
[Result "0-1"]
[WhiteElo "1978"]
[BlackElo "1816"]
[Annotator "TA"]
[PlyCount "60"]
[EventDate "2021.01.18"]
[EventType "team-tourn"]
[EventCountry "GER"]
[SourceTitle "playchess.com"]
[Source "ChessBase"]
[SourceQuality "1"]

1. e4 d5 2. exd5 Qxd5 3. Nc3 Qa5 4. Nf3 Nf6 5. Be2 Bg4 6. h3 Bh5 7. d3 e6 8. Bd2 c6 9. Ne4 Qc7 10. Nxf6+ gxf6 11. g4 Bg6 12. Nh4 Bd6 13. Bh6 Rg8 14. Qd2 Nd7 15. O-O-O O-O-O 16. Kb1 e5 17. Qe3 Bc5 18. Qf3 Qb6 19. Rhf1 Bd4 20. b3 Qc5 21. Bd2 Nb6 22. Nxg6 fxg6 23. c4 a5 24. Qxf6 Rgf8 25. Qg5 Bxf2 26. Qh6 e4 27. dxe4 Qd4 28. c5 Qxe4+ 29. Kc1 Bxc5 30. Rxf8 Ba3# 0-1

[Event "DSOL 2021"]
[Site "Germany"]
[Date "2021.03.03"]
[Round "5.4"]
[White "Lawrenz, Denny"]
[Black "Nagel, Bernhard"]
[Result "1-0"]
[WhiteElo "1972"]
[BlackElo "2180"]
[Annotator "TA"]
[PlyCount "51"]
[EventDate "2021.01.18"]
[EventType "team-tourn"]
[EventCountry "GER"]
[SourceTitle "playchess.com"]
[Source "ChessBase"]
[SourceQuality "1"]

1. d4 Nf6 2. c4 e6 3. Nf3 b6 4. a3 Ba6 5. e3 d5 6. Nbd2 Be7 7. b4 dxc4 8. Bxc4 Bxc4 9. Nxc4 O-O 10. O-O Qd5 11. Qe2 Nbd7 12. Bb2 Rfd8 13. Rac1 Qb5 14. Qc2 c5 15. a4 Qa6 16. dxc5 bxc5 17. b5 Qb7 18. Na5 Qb6 19. Nc6 Re8 20. Rfd1 Bf8 21. Ng5 h6 22. Rxd7 hxg5 23. Bxf6 gxf6 24. Rcd1 f5 25. Qe2 g4 26. a5 1-0

[Event "DSOL 2021"]
[Site "Germany"]
[Date "2021.03.02"]
[Round "5.4"]
[White "Schramm, Matthias"]
[Black "Poess, Frank"]
[Result "1/2-1/2"]
[WhiteElo "1968"]
[BlackElo "1554"]
[Annotator "TA"]
[PlyCount "86"]
[EventDate "2021.01.18"]
[EventType "team-tourn"]
[EventCountry "GER"]
[SourceTitle "playchess.com"]
[Source "ChessBase"]
[SourceQuality "1"]

1. c4 e5 2. Nc3 Nf6 3. Nf3 Nc6 4. e3 Bb4 5. Qc2 Bxc3 6. bxc3 O-O 7. e4 d6 8. h3 Nh5 9. g4 Nf4 10. d3 Qf6 11. Bxf4 Qxf4 12. Be2 Nd8 13. Qd2 Qxd2+ 14. Kxd2 Ne6 15. Rab1 Nc5 16. Nh4 g6 17. Rbf1 f6 18. Ng2 Ne6 19. f4 exf4 20. Nxf4 Nxf4 21. Rxf4 Bd7 22. Rhf1 Kg7 23. d4 Rae8 24. Bd3 Be6 25. a3 b6 26. R1f2 Bd7 27. Rg2 Bc6 28. Re2 Bd7 29. Rg2 a5 30. Rg1 Bc6 31. Re1 Re7 32. Rf2 Rfe8 33. Rfe2 Bd7 34. Rg1 Kh6 35. Rf2 Kg7 36. Re2 Bc6 37. Rge1 g5 38. Rf2 Bd7 39. Ref1 Rf8 40. Rg1 Be8 41. Rh2 Bg6 42. Re1 Rfe8 43. Rhe2 h5 1/2-1/2

[Event "DSOL 2021"]
[Site "Germany"]
[Date "2021.03.02"]
[Round "5.4"]
[White "Schubert, Mario"]
[Black "Hazelton, Martin L"]
[Result "1/2-1/2"]
[WhiteElo "1928"]
[BlackElo "2205"]
[Annotator "TA"]
[PlyCount "58"]
[EventDate "2021.01.18"]
[EventType "team-tourn"]
[EventCountry "GER"]
[SourceTitle "playchess.com"]
[Source "ChessBase"]
[SourceQuality "1"]

1. e4 e6 2. d4 d5 3. exd5 exd5 4. Bd3 Nc6 5. c3 Bd6 6. Qc2 h6 7. Ne2 Nf6 8. h3 Bd7 9. Be3 Qe7 10. Nd2 a6 11. O-O-O O-O-O 12. Rde1 Rde8 13. Ng3 g6 14. Re2 Qd8 15. Rhe1 Re6 16. Nb3 Qf8 17. Qd2 Re8 18. Bf4 Nd8 19. Rxe8 Bxe8 20. Be5 Bxe5 21. dxe5 Nd7 22. f4 Ne6 23. f5 Nec5 24. Bc2 Nb6 25. e6 Qd6 26. Nxc5 Qxg3 27. exf7 Bxf7 28. Re6 Bxe6 29. fxe6 Re8 1/2-1/2

[Event "DSOL 2021"]
[Site "Germany"]
[Date "2021.03.05"]
[Round "5.4"]
[White "Bleek, Marian"]
[Black "Ziems, Michael"]
[Result "0-1"]
[WhiteElo "1919"]
[BlackElo "1829"]
[Annotator "TA"]
[PlyCount "72"]
[EventDate "2021.01.18"]
[EventType "team-tourn"]
[EventCountry "GER"]
[SourceTitle "playchess.com"]
[Source "ChessBase"]
[SourceQuality "1"]
[WhiteTeam "SV Wermelskirchen I"]
[BlackTeam "SC Kreuzberg I"]

1. e4 e6 2. d4 d5 3. Nc3 Nf6 4. Bg5 Be7 5. e5 Nfd7 6. h4 h6 7. Be3 c5 8. Qg4 g6 9. f4 h5 10. Qg3 Nc6 11. dxc5 Bxc5 12. Bxc5 Nxc5 13. O-O-O a6 14. Nf3 Bd7 15. Qf2 Qb6 16. Nd4 O-O-O 17. Be2 Kb8 18. Nxc6+ Bxc6 19. Qd4 Rc8 20. Rh3 Rhd8 21. g4 hxg4 22. Bxg4 Rh8 23. h5 gxh5 24. Rxh5 Rhg8 25. f5 Be8 26. Rh6 Qd8 27. Qf2 Rxg4 28. fxe6 Qg5+ 29. Qd2 Qxd2+ 30. Rxd2 Rg1+ 31. Nd1 fxe6 32. c3 Ne4 33. Re2 Ba4 34. b3 Nxc3 35. bxa4 Nxe2+ 36. Kd2 Nf4 0-1

[Event "DSOL 2021"]
[Site "Germany"]
[Date "2021.03.02"]
[Round "5.4"]
[White "Matthaei, Jakob"]
[Black "Diekmann, Klaus"]
[Result "1-0"]
[WhiteElo "1919"]
[BlackElo "1535"]
[Annotator "TA"]
[PlyCount "67"]
[EventDate "2021.01.18"]
[EventType "team-tourn"]
[EventCountry "GER"]
[SourceTitle "playchess.com"]
[Source "ChessBase"]
[SourceQuality "1"]

1. c4 Nf6 2. g3 e5 3. Bg2 Bc5 4. Nc3 O-O 5. e3 c6 6. Nge2 d5 7. cxd5 cxd5 8. d4 exd4 9. exd4 Bb4 10. O-O Bg4 11. f3 Bf5 12. Bg5 Nc6 13. Bxf6 gxf6 14. f4 Ne7 15. Qb3 Bxc3 16. Nxc3 Bd3 17. Rfe1 Bc4 18. Qxb7 Nf5 19. b3 Nd6 20. Qb4 Rb8 21. Qa3 Nb5 22. Nxb5 Bxb5 23. Qxa7 Rb6 24. Re7 Ra6 25. Qc7 Qa8 26. Qb7 Rxa2 27. Rxa2 Qxa2 28. Qxb5 Qa1+ 29. Qf1 Qxd4+ 30. Qf2 Qd1+ 31. Re1 Qxb3 32. Qd4 Ra8 33. Bxd5 Qc2 34. Bxa8 1-0

[Event "DSOL 2021"]
[Site "Germany"]
[Date "2021.03.05"]
[Round "5.4"]
[White "Schiermeyer, Lukas"]
[Black "Misini, Burhanudin"]
[Result "0-1"]
[WhiteElo "1904"]
[BlackElo "1742"]
[Annotator "RC"]
[PlyCount "106"]
[EventDate "2021.01.18"]
[EventType "team-tourn"]
[EventCountry "GER"]
[SourceTitle "playchess.com"]
[Source "ChessBase"]
[SourceQuality "1"]
[WhiteTeam "SV Osnabrück"]
[BlackTeam "SK Ludwigshafen I"]

1. e4 c5 2. Nf3 d6 3. Nc3 Nc6 4. Bb5 e5 5. d3 Be7 6. h3 a6 7. Bc4 Nf6 8. O-O b5 9. Bb3 O-O 10. Nd5 Be6 11. Nxe7+ Qxe7 12. Bg5 h6 13. Bxf6 Qxf6 14. Bxe6 Qxe6 15. Nh4 g6 16. Qd2 Kg7 17. g4 d5 18. f4 dxe4 19. f5 Qd6 20. Qg2 exd3 21. cxd3 Rad8 22. fxg6 fxg6 23. Rxf8 Rxf8 24. Rf1 Rxf1+ 25. Qxf1 Qf6 26. Qg2 Qxh4 27. Qxc6 Qg3+ 28. Kf1 Qxd3+ 29. Kg2 Qe2+ 30. Kg3 Qe1+ 31. Kg2 Qd2+ 32. Kg1 Qc1+ 33. Kg2 Qxb2+ 34. Kg3 Qc3+ 35. Kg2 Qd2+ 36. Kg1 c4 37. Qe6 Qd4+ 38. Kg2 Qe4+ 39. Kg3 Qf4+ 40. Kg2 Qf6 41. Qd7+ Kg8 42. Qe8+ Kh7 43. Qd7+ Qg7 44. Qc6 Qe7 45. Kf3 Qf7+ 46. Ke2 b4 47. Qxa6 c3 48. Qc6 Qxa2+ 49. Kf3 e4+ 50. Kg3 Qf7 51. Qxe4 b3 52. Qd3 c2 53. Qc3 Qb7 0-1

[Event "DSOL 2021"]
[Site "Germany"]
[Date "2021.03.01"]
[Round "5.4"]
[White "Powalla, Klaus"]
[Black "Jennes, Philipp"]
[Result "0-1"]
[WhiteElo "1889"]
[BlackElo "1620"]
[Annotator "NA RC"]
[PlyCount "58"]
[EventDate "2021.01.18"]
[EventType "team-tourn"]
[EventCountry "GER"]
[SourceTitle "playchess.com"]
[Source "ChessBase"]
[SourceQuality "1"]

1. Nf3 c6 2. c4 d5 3. e3 Nf6 4. d4 Bg4 5. Nc3 e6 6. Be2 Bd6 7. h3 Bxf3 8. Bxf3 Nbd7 9. c5 Bc7 10. b4 e5 11. O-O e4 12. Be2 O-O 13. a4 Ne8 14. f3 Qh4 15. fxe4 dxe4 16. Nxe4 Qxe4 17. Rf3 Ndf6 18. Bd3 Qh4 19. Bd2 Ne4 20. Be1 Qe7 21. Qc2 Ng5 22. Rf5 g6 23. Rf1 Qxe3+ 24. Bf2 Nxh3+ 25. gxh3 Qxh3 26. Be1 Rd8 27. Bc3 Qg3+ 28. Kh1 Rd5 29. Qe2 Qh3+ 0-1

[Event "DSOL 2021"]
[Site "Germany"]
[Date "2021.03.04"]
[Round "5.4"]
[White "Wilhelm, Rostislav-Paul"]
[Black "Gstaltmeyr, Martin"]
[Result "1-0"]
[WhiteElo "1881"]
[BlackElo "1850"]
[Annotator "NA RC"]
[PlyCount "69"]
[EventDate "2021.01.18"]
[EventType "team-tourn"]
[EventCountry "GER"]
[SourceTitle "playchess.com"]
[Source "ChessBase"]
[SourceQuality "1"]

1. e4 c5 2. Nf3 d6 3. d4 cxd4 4. Nxd4 e5 5. Nb5 a6 6. N5a3 Nf6 7. f3 Be7 8. c4 O-O 9. Nc3 Nc6 10. Be3 Qa5 11. Be2 Be6 12. O-O Rfd8 13. Nd5 Bxd5 14. cxd5 Nd4 15. Bxd4 exd4 16. Qxd4 b5 17. Rfc1 Rd7 18. Rc6 Bd8 19. Rac1 h6 20. Kf1 Nh7 21. Rc8 Rxc8 22. Rxc8 Nf8 23. f4 Rc7 24. Rxc7 Qxc7 25. Qc3 Qb6 26. Nc2 Nd7 27. b4 Bf6 28. Qc6 Qxc6 29. dxc6 Nb6 30. Ne3 Bd8 31. Nd5 Nxd5 32. exd5 Kf8 33. Bg4 a5 34. a3 axb4 35. axb4 1-0

[Event "DSOL 2021"]
[Site "Germany"]
[Date "2021.03.05"]
[Round "5.4"]
[White "Arndt, Olaf"]
[Black "Spriestersbach, Kai"]
[Result "1-0"]
[WhiteElo "1867"]
[BlackElo "1819"]
[Annotator "NA RC"]
[PlyCount "67"]
[EventDate "2021.01.18"]
[EventType "team-tourn"]
[EventCountry "GER"]
[SourceTitle "playchess.com"]
[Source "ChessBase"]
[SourceQuality "1"]
[WhiteTeam "SV Horst-Emscher I"]
[BlackTeam "SV Erkenschwick I"]

1. e4 c5 2. Nf3 a6 3. c4 Nc6 4. d4 cxd4 5. Nxd4 e5 6. Nf5 d5 7. cxd5 Bxf5 8. exf5 Nd4 9. Nc3 Nf6 10. Bd3 Bc5 11. O-O O-O 12. Bg5 Be7 13. Re1 Qd6 14. Bxf6 Bxf6 15. Qh5 Qd8 16. Re3 g6 17. Qh3 Bg7 18. Rae1 b5 19. g4 Qg5 20. Ne4 Qf4 21. Kh1 Rfd8 22. d6 Rac8 23. Qg3 Qxg3 24. Rxg3 Bf8 25. Nf6+ Kg7 26. d7 Rc5 27. b4 Rc6 28. Ne8+ Kg8 29. Be4 Rb6 30. Rc3 Rxd7 31. Rc8 gxf5 32. gxf5 f6 33. Bc6 Rf7 34. Bd5 1-0

[Event "DSOL 2021"]
[Site "Germany"]
[Date "2021.03.04"]
[Round "5.4"]
[White "Bajorski, Marius"]
[Black "Weidemann, Jakob"]
[Result "0-1"]
[WhiteElo "1846"]
[BlackElo "1620"]
[Annotator "NA RC"]
[PlyCount "72"]
[EventDate "2021.01.18"]
[EventType "team-tourn"]
[EventCountry "GER"]
[SourceTitle "playchess.com"]
[Source "ChessBase"]
[SourceQuality "1"]

1. e4 c5 2. Nf3 d6 3. d4 cxd4 4. Nxd4 Nf6 5. Nc3 g6 6. Be3 Bg7 7. f3 O-O 8. Qd2 Nc6 9. Bc4 Bd7 10. O-O-O Rc8 11. Bb3 Nxd4 12. Bxd4 b5 13. Nd5 Nxd5 14. Bxg7 Kxg7 15. exd5 a5 16. a3 Kg8 17. g4 b4 18. axb4 axb4 19. Qxb4 Rb8 20. Qd4 Qa5 21. Kb1 Rb4 22. Qc3 Ra8 23. Kc1 Rc8 24. Qe3 Qa1+ 25. Kd2 Qxb2 26. Rb1 Rd4+ 27. Ke2 Rxc2+ 28. Bxc2 Qxc2+ 29. Kf1 Qxb1+ 30. Kg2 Qc2+ 31. Kg3 Rd2 32. Qxe7 Rg2+ 33. Kh3 Qf2 34. Qe4 f5 35. Qe7 fxg4+ 36. fxg4 Bxg4# 0-1

[Event "DSOL 2021"]
[Site "Germany"]
[Date "2021.03.02"]
[Round "5.4"]
[White "Koehler, Robin"]
[Black "Goriss, Paul"]
[Result "1-0"]
[WhiteElo "1816"]
[BlackElo "1550"]
[Annotator "NA RC"]
[PlyCount "97"]
[EventDate "2021.01.18"]
[EventType "team-tourn"]
[EventCountry "GER"]
[SourceTitle "playchess.com"]
[Source "ChessBase"]
[SourceQuality "1"]

1. Nf3 Nf6 2. g3 g6 3. b3 Bg7 4. Bb2 O-O 5. Bg2 d5 6. c4 c6 7. O-O Bf5 8. d3 Na6 9. Nbd2 Re8 10. a3 Nc7 11. h3 a5 12. Qc2 h5 13. Rfc1 Rc8 14. e4 dxe4 15. dxe4 Be6 16. Rd1 Rf8 17. Nf1 Qe8 18. Ne3 Nd7 19. Bxg7 Kxg7 20. Qc3+ Kg8 21. Qxa5 f6 22. e5 g5 23. exf6 exf6 24. Re1 Qg6 25. Rad1 Rfe8 26. Nd4 Ne5 27. Qc3 Rcd8 28. Nec2 Re7 29. Nxe6 Nxe6 30. Rxd8+ Nxd8 31. Rd1 Ne6 32. Rd6 g4 33. Nd4 Nxd4 34. Rxd4 Qb1+ 35. Kh2 gxh3 36. Bxh3 Qa2 37. Rf4 Qxa3 38. Rxf6 Qc5 39. Qd2 Ng4+ 40. Bxg4 hxg4 41. Qd8+ Kh7 42. Qd3+ Kg8 43. Qg6+ Rg7 44. Qe8+ Kh7 45. Rf8 Re7 46. Rh8+ Kg7 47. Qf8+ Kg6 48. Rh6+ Kg5 49. Qf6# 1-0

[Event "DSOL 2021"]
[Site "Germany"]
[Date "2021.03.01"]
[Round "5.4"]
[White "Theissen, Frank"]
[Black "Offermanns, Robert"]
[Result "1/2-1/2"]
[WhiteElo "1775"]
[BlackElo "1567"]
[Annotator "NA RC"]
[PlyCount "55"]
[EventDate "2021.01.18"]
[EventType "team-tourn"]
[EventCountry "GER"]
[SourceTitle "playchess.com"]
[Source "ChessBase"]
[SourceQuality "1"]

1. e4 d5 2. exd5 Qxd5 3. Nc3 Qd6 4. d4 c6 5. Nf3 Bf5 6. Ne5 e6 7. Bf4 Qd8 8. Be2 Nf6 9. O-O Be7 10. Re1 Nbd7 11. Bf3 Nb6 12. Qd2 Nbd5 13. Nxd5 Nxd5 14. Bxd5 cxd5 15. c3 Bd6 16. Nd3 Bxd3 17. Bxd6 Qxd6 18. Qxd3 O-O 19. Re3 Qc6 20. Rae1 Rac8 21. f4 Qc4 22. Qxc4 dxc4 23. Re5 g6 24. g4 Rc7 25. Kg2 Kg7 26. Kg3 Rd8 27. h4 Rd6 28. Kf3 1/2-1/2

[Event "DSOL 2021"]
[Site "Germany"]
[Date "2021.03.03"]
[Round "5.4"]
[White "Steinwender, Dieter"]
[Black "Gruner, Vitalij"]
[Result "1-0"]
[WhiteElo "1738"]
[BlackElo "1620"]
[Annotator "NA RC"]
[PlyCount "125"]
[EventDate "2021.01.18"]
[EventType "team-tourn"]
[EventCountry "GER"]
[SourceTitle "playchess.com"]
[Source "ChessBase"]
[SourceQuality "1"]

1. e4 e5 2. Nf3 Nc6 3. d4 exd4 4. Bc4 Nf6 5. O-O d6 6. Nxd4 Be7 7. Nc3 O-O 8. h3 Nxd4 9. Qxd4 Be6 10. Be3 a6 11. a4 c6 12. Rad1 Bxc4 13. Qxc4 Qc7 14. Rd2 Rfd8 15. Rfd1 Rd7 16. f3 Rad8 17. Qb3 c5 18. Qc4 Qc6 19. b3 h6 20. Bf4 Kf8 21. a5 Ke8 22. Nd5 Nxd5 23. exd5 Qb5 24. Qe4 Qb4 25. c4 Qxb3 26. Re1 Qc3 27. Rde2 Qd4+ 28. Qxd4 cxd4 29. Bxd6 Rxd6 30. Rxe7+ Kf8 31. Rxb7 R6d7 32. Rxd7 Rxd7 33. Rd1 Ke7 34. Rxd4 Kd6 35. Kf2 Rb7 36. Ke3 Rb3+ 37. Rd3 Rb4 38. Kd4 Ra4 39. Rb3 Rxa5 40. Rb6+ Kc7 41. Rc6+ Kd7 42. Ke5 Ra1 43. Rb6 Re1+ 44. Kf5 a5 45. Rb7+ Kd6 46. Rxf7 a4 47. Ra7 Ra1 48. Kg6 a3 49. Kxg7 a2 50. Kxh6 Ke5 51. g4 Kf6 52. g5+ Kf5 53. g6 Kf6 54. Ra6+ Kf5 55. Kg7 Rg1 56. Rxa2 Rxg6+ 57. Kf7 Rh6 58. Rg2 Rxh3 59. d6 Rxf3 60. c5 Ke5+ 61. Ke7 Rh3 62. Rg5+ Kd4 63. c6 1-0

[Event "DSOL 2021"]
[Site "Germany"]
[Date "2021.03.02"]
[Round "5.4"]
[White "Neuhoff, Laertes"]
[Black "Schwedek, Tony"]
[Result "1/2-1/2"]
[WhiteElo "1714"]
[BlackElo "1974"]
[Annotator "TA"]
[PlyCount "56"]
[EventDate "2021.01.18"]
[EventType "team-tourn"]
[EventCountry "GER"]
[SourceTitle "playchess.com"]
[Source "ChessBase"]
[SourceQuality "1"]

1. e4 c5 2. Nf3 e6 3. g3 d5 4. exd5 exd5 5. d4 Nc6 6. Bg2 Nf6 7. O-O Be7 8. dxc5 O-O 9. Be3 Ng4 10. Bd4 Nxd4 11. Nxd4 Bxc5 12. Nb3 Bb6 13. h3 Nf6 14. Nc3 Be6 15. Nd4 Qd7 16. Kh2 Rac8 17. Re1 Rc4 18. Nxe6 fxe6 19. Qe2 Ne4 20. Nxe4 Rxe4 21. Bxe4 Rxf2+ 22. Qxf2 Bxf2 23. Re2 Bxg3+ 24. Kxg3 dxe4 25. Rae1 Qc7+ 26. Kg2 Kf7 27. Rf2+ Ke7 28. Rxe4 Qa5 1/2-1/2

[Event "DSOL 2021"]
[Site "Germany"]
[Date "2021.03.05"]
[Round "5.4"]
[White "Hasselmeyer, Albert"]
[Black "Charchulla, Moritz"]
[Result "0-1"]
[WhiteElo "1711"]
[BlackElo "1620"]
[Annotator "NA RC"]
[PlyCount "94"]
[EventDate "2021.01.18"]
[EventType "team-tourn"]
[EventCountry "GER"]
[SourceTitle "playchess.com"]
[Source "ChessBase"]
[SourceQuality "1"]
[WhiteTeam "SK Ludwigshafen II"]
[BlackTeam "SK Doppelbauer Kiel"]

1. c4 c5 2. g3 Nc6 3. Bg2 Nf6 4. Nc3 e5 5. Nf3 d6 6. O-O Be7 7. d3 O-O 8. Rb1 Ne8 9. a3 a5 10. Ne1 Nc7 11. Nc2 Na6 12. Ne3 f5 13. Ned5 Rb8 14. e3 Bd7 15. Bd2 Re8 16. Kh1 Bf8 17. Qc2 g6 18. Nb5 b6 19. b3 Be6 20. Nbc3 Bg7 21. Nb5 Ne7 22. Bc3 Nxd5 23. cxd5 Bc8 24. Bd2 Qe7 25. e4 Bd7 26. Qc4 Ra8 27. Rbc1 Rec8 28. f4 Nc7 29. Nxc7 Rxc7 30. a4 Rb7 31. fxe5 Bxe5 32. Bf4 b5 33. axb5 Bxb5 34. Qc2 fxe4 35. Bxe4 Bd7 36. Rb1 Rab8 37. Qd2 a4 38. Bg5 Qe8 39. Bh6 Bg7 40. Rbe1 axb3 41. Bf5 Be5 42. Be6+ Bxe6 43. dxe6 Qxe6 44. Qf2 Rf7 45. Qg2 Rxf1+ 46. Rxf1 b2 47. Qf3 b1=Q 0-1

[Event "DSOL 2021"]
[Site "Germany"]
[Date "2021.03.03"]
[Round "5.4"]
[White "Wadlinger, Philipp"]
[Black "Delacor, Marcus"]
[Result "0-1"]
[WhiteElo "1700"]
[BlackElo "1620"]
[Annotator "NA RC"]
[PlyCount "96"]
[EventDate "2021.01.18"]
[EventType "team-tourn"]
[EventCountry "GER"]
[SourceTitle "playchess.com"]
[Source "ChessBase"]
[SourceQuality "1"]

1. e4 e5 2. Nf3 d6 3. Bc4 Nf6 4. d3 h6 5. Nbd2 Be7 6. O-O c6 7. c3 Qc7 8. Re1 Nbd7 9. Nf1 Nf8 10. d4 Be6 11. Bxe6 Nxe6 12. dxe5 dxe5 13. Ng3 g6 14. h3 Rd8 15. Qc2 Kf8 16. b4 Kg7 17. Be3 Nh7 18. h4 Nf6 19. h5 Ng4 20. Rad1 Rxd1 21. Qxd1 Rd8 22. Qe2 Nxe3 23. Qxe3 a6 24. hxg6 fxg6 25. Nf1 Nf4 26. Qc1 Nd3 27. Qb1 Nxe1 28. Nxe1 Bg5 29. c4 Qd6 30. Nf3 Bf4 31. Qb2 Qd3 32. b5 cxb5 33. cxb5 Qxb5 34. Qc3 Rd3 35. Qc7+ Rd7 36. Qc8 Rd1 37. Qc7+ Kf6 38. N3h2 Bxh2+ 39. Kxh2 Rxf1 40. Qd8+ Kf7 41. Qc7+ Ke6 42. Qc8+ Kd6 43. Qf8+ Kc7 44. Qe7+ Kb8 45. a4 Qb6 46. Qxe5+ Ka7 47. Qg3 Qxf2 48. Qxg6 Qh4# 0-1